000 00586cam a2200145 4500500
005 20251228090757.0
041 _afre
042 _adc
100 1 0 _aAvril, Yves
_eauthor
245 0 0 _aCharles Péguy, Châteaux de Loire et vers inédits, édition critique par Romain Vaissermann, éditions Delatour, 2016, 15 €
260 _c2016.
500 _a81
786 0 _nBulletin de l’Amitié Charles Péguy | 156 | 4 | 2016-04-15 | p. 341a-342 | 0180-8567
856 4 1 _uhttps://shs.cairn.info/revue-bulletin-de-lamitie-charles-peguy-2016-4-page-341a?lang=fr&redirect-ssocas=7080
999 _c1602712
_d1602712